000 00717nam a2200241Ia 4500
003 OSt
005 20220923224144.0
006 a|||||r|||| 00| 0
007 ta
008 Pun
024 _a226,733
037 _cTextual
040 _aARTS
_cARTS
_bPun
041 _2Pun
_aPun
082 _aO153,1(Q)x, P4
100 _aਸਖ਼ਰੀ, ਚਰਨ ਸਿੰਘ
245 0 _aਖਾਲਸਿੳ ਤਨ॥ਾਹ ਮੰਗਦੇ ਹੋ
260 _aਜਲੰਦਰ
_b ਨਿਊ ਬੂਕ ਕੰਪਨੀ
_c2004
300 _a120ਪੰ
_ccm.
650 _aਪੰਜਾਬੀ ਸਾਹਿਤ
942 _hO153,1(Q)x, P4
_cTEXL
_2CC
999 _c369589
_d369589